000 00947nam a2200241 i 4500
001 112707
003 ES-MaACL
005 20250809044623.0
007 t|
008 061121s1964 sp r ||||1| spa d
110 2 _aNavarra.
_t[Leyes, etc.]
_95987
245 1 0 _aNovissima recopilación de las leyes del Reino de Navarra hechas en sus Cortes Generales desde 1512 hasta 1716 inclusive
_b: edición realizada conforme a la obra de D. Joaquin de Elizondo, año 1735.
260 _aPamplona :
_bDiputación Foral de Navarra,
_c1964.
300 _a3 v. ;
_c22 cm.
490 1 _aBiblioteca de derecho foral ;
_v2
650 7 _aDerecho-
_zNavarra (Reino)
_2
_9163036
700 1 _aElizondo, Joaquín de.
_947013
710 2 _aInstitución Príncipe de Viana
_94730
830 0 0 _aBiblioteca de derecho foral
_v2
_9181069
852 _aES-MaACL
_jC-27461-3
_bR.56248
852 _aES-MaACL
_jC-26416-8
_bR.55513
999 _c112707
_d112707